000 00685nam a2200205Ii 4500
003 JO-AjNU
008 230605s9999||||xx |||||||||||||| ||und||
040 _aJO-AjNU
_bara
_erda
_cJO-AjNU
041 _aara
050 1 4 _aBF721.S2564 1993
100 3 _aسمارة، عزيز ؛ م.مشارك: عصام النمر، هشام الحسن,
_eauthor
_97235
245 0 0 _aسيكولوجية الطفولة
250 _aط2
264 3 1 _aعمان: دار الفكر للنشر والتوزيع، 1993
300 _a221ص
336 _atext
_btxt
_2rdacontent
337 _aunmediated
_bn
_2rdamedia
338 _avolume
_bnc
_2rdacarrier
650 4 _aالاطفال- علم النفس
_97236
999 _aA177
_c3745
_d3745